Ajax, Rich Internet Applications, and Web Development for Programmers / (Record no. 11462)
[ view plain ]
| 000 -LEADER | |
|---|---|
| fixed length control field | 01041nam a22002537a 4500 |
| 008 - FIXED-LENGTH DATA ELEMENTS--GENERAL INFORMATION | |
| fixed length control field | 090429t xxu||||| |||| 00| 0 eng d |
| 020 ## - INTERNATIONAL STANDARD BOOK NUMBER | |
| International Standard Book Number | 0131587382 |
| 020 ## - INTERNATIONAL STANDARD BOOK NUMBER | |
| International Standard Book Number | 9780131587380 |
| 082 ## - DEWEY DECIMAL CLASSIFICATION NUMBER | |
| Edition number | 22 |
| Classification number | 006.78 |
| Item number | DEI |
| 100 01 - MAIN ENTRY--PERSONAL NAME | |
| Personal name | Deitel, Paul J. |
| 9 (RLIN) | 4448 |
| 245 01 - TITLE STATEMENT | |
| Title | Ajax, Rich Internet Applications, and Web Development for Programmers / |
| Statement of responsibility, etc | Paul J. Deitel, Harvey M. Deitel. |
| 260 ## - PUBLICATION, DISTRIBUTION, ETC. (IMPRINT) | |
| Place of publication, distribution, etc | Upper SAdel River, NJ: |
| Name of publisher, distributor, etc | Prentice Hall, |
| Date of publication, distribution, etc | c2008. |
| 300 ## - PHYSICAL DESCRIPTION | |
| Extent | xxx, 991 p. : |
| Other physical details | ill. ; |
| Dimensions | 24 cm. |
| 440 ## - | |
| -- | 4449 |
| 490 ## - Series Statement | |
| -- | 30002 |
| Series statement | Deitel Developer Series |
| 500 ## - GENERAL NOTE | |
| General note | Includes index. |
| 650 0# - SUBJECT ADDED ENTRY--TOPICAL TERM | |
| Topical term or geographic name as entry element | Ajax (Web site development technology) |
| 9 (RLIN) | 4450 |
| 650 0# - SUBJECT ADDED ENTRY--TOPICAL TERM | |
| Topical term or geographic name as entry element | Web site development. |
| 9 (RLIN) | 4451 |
| 650 0# - SUBJECT ADDED ENTRY--TOPICAL TERM | |
| Topical term or geographic name as entry element | Web sites |
| General subdivision | Design. |
| 9 (RLIN) | 4452 |
| 650 0# - SUBJECT ADDED ENTRY--TOPICAL TERM | |
| Topical term or geographic name as entry element | JavaScript (Computer program language) |
| 9 (RLIN) | 4453 |
| 700 1# - ADDED ENTRY--PERSONAL NAME | |
| Personal name | Deitel, Harvey M. |
| Dates associated with a name | 1945- |
| 9 (RLIN) | 4454 |
| 942 ## - ADDED ENTRY ELEMENTS (KOHA) | |
| Source of classification or shelving scheme | Dewey Decimal Classification |
| Item type | Book - Borrowing |
| Withdrawn status | Item status | Source of classification or shelving scheme | Damaged status | Not for loan | Vendor | Home library | Current library | Shelving location | Date acquired | Source of acquisition | Cost, normal purchase price | Serial Enumeration / chronology | Total Checkouts | Full call number | Barcode | Date last seen | Koha item type |
|---|---|---|---|---|---|---|---|---|---|---|---|---|---|---|---|---|---|
| Dewey Decimal Classification | Alahram | Central Library | Central Library | Lower Floor | 29/04/2009 | 370.50 | 378 | 006.78 DEI | 000015596 | 15/07/2025 | Book - Borrowing |